| 000 -ლიდერი |
| ფიქსირებული სიგრძის საკონტროლო ველი |
01430nam a2200241Ia 4500 |
| 001 - საკონტროლო ნომერი |
| საკონტროლო ველი |
11796 |
| 003 - საკონტროლო ნომრის იდენტიფიკატორი |
| საკონტროლო ველი |
GE_BSU |
| 005 - ბოლო ოპერაციის თარიღი და დრო |
| საკონტროლო ველი |
20240625174054.0 |
| 008 - ფიქსირებული სიგრძის მონაცემთა ელემენტები - ზოგადი ინფორმაცია |
| ფიქსირებული სიგრძის საკონტროლო ველი |
181216s1993||||ge |||||||||||||| ||geo|| |
| 040 ## - კატალოგიზაციის წყარო |
| Transcribing agency |
GE_BSU |
| 041 ## - ენის კოდი |
| Language code of text/sound track or separate title |
geo |
| 080 ## - უნივერსალური ათობითი კლასიფიკაციის ინდექსი |
| Universal Decimal Classification number |
622.323(075.8)+622.4 ა–16 |
| 100 ## - მთავარი ჩანაწერი - პიროვნების სახელი |
| Personal name |
აბესაძე, ნ. |
| 9 (RLIN) |
22579 |
| 245 ## - ცნობა სათაურის შესახებ |
| Title |
ნავთობისა და აირის ჭაბურღილების ბურღვა : |
| Remainder of title |
სახელმძღვანელო უმაღლ. ტექნ. სასწავლებლების სტუდენტებისათვის / |
| Statement of responsibility, etc |
ნ. აბესაძე ; რედ. რ. თევზაძე ; საწარმოო გაერთიანება "საქნავთობი". |
| 264 ## - წარმოების, გამოცემის, დისტრიბუციის და სხვა ცნობები |
| გამოცემის, წარმოების, დისტრიბუციის... ადგილი |
თბილისი : |
| გამოცემის, წარმოების, დისტრიბუციის... სახელწოდება |
განათლება, |
| გამოცემის, წარმოების, დისტრიბუციის... თარიღი |
1993. |
| 300 ## - ფიზიკური აღწერა |
| Extent |
478 გვ. : |
| Other physical details |
ილ. ; |
| Dimensions |
22 სმ. |
| 653 ## - INDEX TERM--UNCONTROLLED |
| Uncontrolled term |
ნავთობისა და აირის ჭაბურღილების ბურღვა |
| 653 ## - INDEX TERM--UNCONTROLLED |
| Uncontrolled term |
ნავთობის ჭაბურღილების ბურღვა |
| 653 ## - INDEX TERM--UNCONTROLLED |
| Uncontrolled term |
გაზის ჭაბურღილების ბურღვა |
| 700 ## - ADDED ENTRY--PERSONAL NAME |
| Personal name |
თევზაძე, რ. |
| Relator term |
რედაქტორი |
| 9 (RLIN) |
19083 |
| 710 ## - ADDED ENTRY--CORPORATE NAME |
| Corporate name or jurisdiction name as entry element |
საწარმოო გაერთიანება "საქნავთობი" |
| 9 (RLIN) |
22580 |
| 942 ## - ADDED ENTRY ELEMENTS (KOHA) |
| Koha item type |
წიგნი |
| Source of classification or shelving scheme |
|